00782nam a2200205 4500001000700000003000900007005001700016007000300033008004100036245014900077250001200226260003300238300003700271700003200308700002800340700003500368852003200403999001900435952012200454144468ES-MaACL20230906201026.0t|070214s1966 sp r ||||1| spa d00aManual de la enfermera / cobra editada bajo la dirección de A. Sitges Creus ; con la colaboración de F. Bergadá Girona y A. Guarner Vila. a1ª ed. aBarcelona : bToray, c1966. aXXXII, 490 p. : bil. ; c24 cm.1 aBergadá Girona, F.9279201 aGuarner Vila, A.9603421 aSitges Creus, Antonio.9106701 aES-MaACLjC-30242 bR.60770 c144468d144468 00104070aATENEOMbATENEOMcDEPO2d2008-01-17eSCl0oC-30242p1150309r2023-02-23 00:00:00w2023-02-23yMONOGRAFIA